000 00788cam a22002533a 4500
001 3412
003 PGUSA
005 20140828083031.0
008 020901s2002||||xxu|||||s|||||000 | eng d
040 _aPGUSA
_beng
042 _adc
050 4 _aDS
100 1 _aBird, Isabella L.
_q(Isabella Lucy),
_d1831-1904
245 1 4 _aThe Golden Chersonese and the Way Thither
_h[electronic resource] /
_cIsabella L. Bird
260 _bProject Gutenberg,
_c2002
506 _aPublic domain in the USA.
516 _aElectronic text
653 _aMalay Peninsula -- Description and travel
653 _aSingapore -- Description and travel
653 _aChina -- Description and travel
830 0 _aProject Gutenberg
_v3412
856 4 0 _uhttp://www.gutenberg.org/ebooks/3412
942 _cEB
999 _c232741
_d232741